Регионална библиотека "Любен Каравелов" - Русе

Основни понятия в съвременната химия (Запис номер 185937)

MARC детайли
000 -Лидер
Контролно поле с фиксирана дължина 01612nam a2200337 c 4500
003 - Код на организацията, давaща контролен номер
Контролно поле BLK
005 - Дата и час на последна редакция
Контролно поле 20220315132229.0
008 - Елементи от данни с фиксирана дължина
fixed length control field 180411b bul|||||r ||||||| ||bul||
010 ## - Наследен системен номер
LC control number KNG00194931000
040 ## - Източник на каталожния запис
Идентификатор на билиотеката - собственик на записа BLK
041 ## - Код за език
Код за езика на текст/звукозапис или на отделно заглавие Български
Код за езика КДБФ Български
080 ## - УДК
Текстов определител УДК Физикохимия
УДК код - определител по УДК 544
УДК определител (035)
УДК - код + определител 544(035)
100 1# - Редна дума - Автор
Автор Крестов, Генадий Алексеевич
Авторска отговорност първи автор
R(LIN) 343984
139 ## - Редно поле
Редна дума Крестов, Генадий Алексеевич и др.
Авторски знак Кре - К 90
245 10 - Сведения за заглавието
Заглавие Основни понятия в съвременната химия
Подзаглавни данни Наръчник
Редно поле (дума) Генадий Алексеевич Крестов; съавт. Борис Иванович Березин; прев. от рус. Татяна Георгиева Ангелова.
257 ## - Страна на издаване
Страна на създаване/издаване СССР
260 ## - Област на издателските данни
Място на издаване, разпространение и проч. София
Име на издателя, разпространителя и проч. Наука и изкуство
Година на издаване 1988
Печатница Ямбол : Г. Димитров
300 ## - Физическа характеристика
Страници 168 с.
Илюстрации и др. с табл., сх.
Размери/Мащаб 17 см
380 ## - Жанр
Жанр Естествени науки. Математика
500 ## - Общи забележки
Забележка Ориг. загл. Основные понятия современной химии / Г. А. Крестов, Б. Д. Березин
650 #4 - Допълнително описание по предмет – тема
Основно описание – тема или топоним Химия - наръчници и ръководства
9 (RLIN) 289455
653 ## - Ключова дума – ненормативна
Ключова дума химия
653 ## - Ключова дума – ненормативна
Ключова дума наръчници
700 1# - Други автори (авторска отговорност)
Лично име Березин, Борис Иванович
Автороска отговорност (Описва отношението между автора и произведението) съавт.
9 (RLIN) 384340
700 1# - Други автори (авторска отговорност)
Лично име Ангелова, Татяна Георгиева
Автороска отговорност (Описва отношението между автора и произведението) прев. от рус.
9 (RLIN) 343985
852 ## - Местоположение
Форматна сигнатура Цб І 23818
856 4# - Електронен адрес и достъп
Електронен формат pdf - файл
856 4# - Електронен адрес и достъп
Електронен формат pdf - файл
999 ## - СИСТЕМНИ КОНТРОЛНИ НОМЕРА
Koha biblionumber 185937
Koha biblioitemnumber 185937
942 ## - АРТИКУЛИ
Вид на библиотечния материал Книги
Скрит в OPAC Не
Периодичен библиозапис Да
Koha issues (borrowed), all copies 1
944 ## - СЪЗДАВАНЕ И РЕДАКЦИЯ на ЗАПИСА
Създаване/Редакция Създаване
Дата на регистрацията/редакция 02.11.2016
Служител, извършил регистрацията/редакцията Севдалина_Василева
944 ## - СЪЗДАВАНЕ И РЕДАКЦИЯ на ЗАПИСА
Създаване/Редакция Редакция
Дата на регистрацията/редакция 02.11.2016
Служител, извършил регистрацията/редакцията Севдалина_Василева
999 ## - СИСТЕМНИ КОНТРОЛНИ НОМЕРА
Koha biblioitemnumber 185937
999 ## - СИСТЕМНИ КОНТРОЛНИ НОМЕРА
Koha biblioitemnumber 185937
Наличности
Код за отписване Код за изгубен артикул Източник на класификационната схема Код за повреда Коз за рестрикции Код за отдаване Артикулен № Име на библиотеката - собственик Име на библиотеката, в която се намира в момента Статус (Текущо местоположение) Дата на вписване в системата Местоположение - отдел Цена в лева Инвентарен номер Систематично азбучна сигнатура Баркод Номер на екземпляра Цена в евро Служебна бележка Служебен тип на артикула
  Не е изгубен Universal Decimal Classification Не е повреден само за читалня ползва се в читалня 323031 Регионална библиотека "Любен Каравелов" Русе Регионална библиотека "Любен Каравелов" Русе Хранилище 1988-01-01 Хранилище 0.97 493199 Цб І 23818 120000493199 1 0.50 Дост: Dp Вид: Д N: стар фонд Дата: 01.01.1988 Книги
Изтеглен Не е изгубен Universal Decimal Classification Не е повреден без рестрикции заемане за дома 323032 Регионална библиотека "Любен Каравелов" Русе Регионална библиотека "Любен Каравелов" Русе Заемна - подръчен фонд 1988-01-01 Заемна - подръчен фонд 0.97 504870 П 541/К 90 504870 2 0.50 Дост: Pk Вид: Ф N: стар фонд Дата: 01.01.1988 Дата инв: 02.02.2018 Бележки инв: П2018 Книги
  Не е изгубен Universal Decimal Classification Не е повреден без рестрикции заемане за дома 323033 Регионална библиотека "Любен Каравелов" Русе Регионална библиотека "Любен Каравелов" Русе Заемна - подръчен фонд 1988-01-01 Заемна - подръчен фонд 0.97 504871 544/К 90 120000504871 3 0.50 Дост: Pk Вид: Ф N: стар фонд Дата: 01.01.1988 Дата инв: 02.02.2018 Бележки инв: П2018 Книги
Изтеглен Не е изгубен Universal Decimal Classification Не е повреден без рестрикции заемане за дома 323034 Регионална библиотека "Любен Каравелов" Русе Регионална библиотека "Любен Каравелов" Русе Заемна - подръчен фонд 1988-01-01 Заемна - подръчен фонд 0.97 504872 П 541/К 90 504872 4 0.50 Дост: Pk Вид: Ф N: стар фонд Дата: 01.01.1988 Книги
Изтеглен Не е изгубен Universal Decimal Classification Не е повреден без рестрикции заемане за дома 323035 Регионална библиотека "Любен Каравелов" Русе Регионална библиотека "Любен Каравелов" Русе Заемна - подръчен фонд 1988-01-01 Заемна - подръчен фонд 0.97 504873 П 541/К 90 504873 5 0.50 Дост: Pk Вид: Ф N: стар фонд Дата: 01.01.1988 Книги
Vip Innovations Ltd, Rousse, Bulgaria 2025